00511nam a2200157 i 450000100060000000300090000600500170001500700030003200800410003510000220007624501090009826000820020730000220028970000210031185200210033287694ES-MaACL20230906175725.0t|041223s1932 fr ||||1| fre d1 aLabriola, Arturo.10aAu delá du capitalisme et du socialisme / cArturo Labriola ; traduit de l'italien par Stefan Priacel. aParis : bValois, c1932 (ePoitiers : fSociété Français d'Imprimerie) a285 p. ; c20 cm.1 aPriacel, Stefan. aES-MaACLjA-1551